Автоматизация производственных процессов текстильной и легкой промышленности (Запись № 627008)
[ простой вид ]
| 000 -МАРКЕР | |
|---|---|
| контрольное поле | 02083nam1a2200349 i 4500 |
| 001 - ИДЕНТИФИКАТОР ЗАПИСИ | |
| контрольное поле | RU\NLR\bibl\112936 |
| 005 - ИДЕНТИФИКАТОР ВЕРСИИ | |
| контрольное поле | 20240920024044.0 |
| 035 ## - ДРУГИЕ СИСТЕМНЫЕ НОМЕРА | |
| Идентификатор записи | (NLR Aleph) 000110554 |
| 100 ## - ДАННЫЕ ОБЩЕЙ ОБРАБОТКИ | |
| Данные общей обработки | 20001016g19999999u y0rusy50 ca |
| 101 0# - ЯЗЫК РЕСУРСА | |
| Язык текста, звукозаписи и т.д. | русский |
| 102 ## - СТРАНА ПУБЛИКАЦИИ ИЛИ ПРОИЗВОДСТВА | |
| Страна публикации | Российская Федерация |
| 105 ## - ПОЛЕ КОДИРОВАННЫХ ДАННЫХ: ТЕКСТОВЫЕ МАТЕРИАЛЫ, МОНОГРАФИЧЕСКИЕ | |
| Кодированные данные о монографическом текстовом документе | a ||||||||| |
| 200 1# - ЗАГЛАВИЕ И СВЕДЕНИЯ ОБ ОТВЕТСТВЕННОСТИ | |
| Основное заглавие | Автоматизация производственных процессов текстильной и легкой промышленности |
| Сведения, относящиеся к заглавию | Учеб. пособие |
| Первые сведения об ответственности | В.Л. Литвинчук, Е.Г. Маежов, Г.А. Новоселов и др. |
| Последующие сведения об ответственности | [Под ред. проф. В.Я. Энтина и проф. Д.А. Шурыгина] |
| -- | М-во общ. и проф. образования Рос. Федерации, С.-Петерб. гос. ун-т технологии и дизайна |
| 210 ## - ПУБЛИКАЦИЯ, РАСПРОСТРАНЕНИЕ И ДР. | |
| Место издания, распространения и т.д. | СПб. |
| Имя издателя, распространителя и т. д. | СПГУТД |
| Дата издания, распространения и т.д. | 1999 |
| 215 ## - ФИЗИЧЕСКАЯ ХАРАКТЕРИСТИКА | |
| Размеры | 20 |
| 463 #0 - УРОВЕНЬ ФИЗИЧЕСКОЙ ЕДИНИЦЫ | |
| Встроенное поле | 001110801 |
| 463 #0 - УРОВЕНЬ ФИЗИЧЕСКОЙ ЕДИНИЦЫ | |
| Встроенное поле | 001115920 |
| 606 0# - НАИМЕНОВАНИЕ ТЕМЫ КАК ПРЕДМЕТ | |
| Наименование темы | Легкая промышленность |
| Формальный подзаголовок | Руководства, пособия и т.п. для высшей школы |
| Тематический подзаголовок | Предприятия |
| -- | Автоматизация |
| Системный номер авторитетной/нормативной записи | 1403462 |
| Идентификатор авторитетной/нормативной записи | RU\NLR\auth\66278551 |
| 606 0# - НАИМЕНОВАНИЕ ТЕМЫ КАК ПРЕДМЕТ | |
| Наименование темы | Легкая промышленность |
| Формальный подзаголовок | Учебные издания для высшей школы |
| Тематический подзаголовок | Предприятия |
| -- | Автоматизация |
| Системный номер авторитетной/нормативной записи | 1403462 |
| Идентификатор авторитетной/нормативной записи | RU\NLR\auth\66278551 |
| 606 0# - НАИМЕНОВАНИЕ ТЕМЫ КАК ПРЕДМЕТ | |
| Наименование темы | Текстильное производство |
| Формальный подзаголовок | Руководства, пособия и т.п. для высшей школы |
| Тематический подзаголовок | Автоматизация |
| Системный номер авторитетной/нормативной записи | 1132199 |
| Идентификатор авторитетной/нормативной записи | RU\NLR\auth\66130634 |
| 606 0# - НАИМЕНОВАНИЕ ТЕМЫ КАК ПРЕДМЕТ | |
| Наименование темы | Текстильное производство |
| Формальный подзаголовок | Учебные издания для высшей школы |
| Тематический подзаголовок | Автоматизация |
| Системный номер авторитетной/нормативной записи | 1132199 |
| Идентификатор авторитетной/нормативной записи | RU\NLR\auth\66130634 |
| 686 ## - ИНДЕКСЫ ДРУГИХ КЛАССИФИКАЦИЙ | |
| Индекс | М2-5-05я73-1 |
| 686 ## - ИНДЕКСЫ ДРУГИХ КЛАССИФИКАЦИЙ | |
| Индекс | М3-5-05я73-1 |
| 701 #1 - ИМЯ ЛИЦА - АЛЬТЕРНАТИВНАЯ ОТВЕТСТВЕННОСТЬ | |
| Начальный элемент ввода | Литвинчук |
| Часть имени, кроме начального элемента ввода | В. Л. |
| Код отношения | Автор |
| 701 #1 - ИМЯ ЛИЦА - АЛЬТЕРНАТИВНАЯ ОТВЕТСТВЕННОСТЬ | |
| Начальный элемент ввода | Маежов |
| Часть имени, кроме начального элемента ввода | Е. Г. |
| Код отношения | Автор |
| 701 #1 - ИМЯ ЛИЦА - АЛЬТЕРНАТИВНАЯ ОТВЕТСТВЕННОСТЬ | |
| Начальный элемент ввода | Новоселов |
| Часть имени, кроме начального элемента ввода | Г. А. |
| Код отношения | Автор |
| 801 #0 - ИСТОЧНИК ЗАПИСИ | |
| Страна | Российская Федерация |
| Организация | NLR |
| Дата составления | 20001016 |
| Правила каталогизации | PSBO |
| 801 #1 - ИСТОЧНИК ЗАПИСИ | |
| Страна | Российская Федерация |
| Организация | NLR |
| Дата составления | 20001016 |
| 852 ## - МЕСТОНАХОЖДЕНИЕ И ШИФР ХРАНЕНИЯ | |
| Идентификатор организации | NLR |
| Шифр хранения (Call Number) | 2000-3/11283 |
| 942 ## - ДОПОЛНИТЕЛЬНЫЕ ЭЛЕМЕНТЫ ЗАПИСИ (АБИС) | |
| Тип экземпляра АБИС | Книга |
Нет доступных экземпляров.